| 000 | 00611nam a2200205Ia 4500 | ||
|---|---|---|---|
| 001 | 5699 | ||
| 003 | GE_BSU | ||
| 008 | 181216s||||||||xx |||||||||||||| ||und|| | ||
| 040 | _cGE_BSU | ||
| 080 | _a512.554.37 | ||
| 245 | _aАвтоморфизмы классических групп: | ||
| 245 | _cПод ред.Ю.И.Мерзлякова | ||
| 260 | _aМосква | ||
| 260 | _bМир | ||
| 260 | _c1976 | ||
| 300 | _a264стр. 22см. | ||
| 520 | _aСборник переводов с англ. и франц. | ||
| 653 | _aАвтоморфизмы классических групп | ||
| 942 | _cBK | ||
| 999 |
_c39118 _d39118 |
||